De Jesús al cristianismo: el Nuevo Testamento y la fe cristiana, un proceso de cuatro generaciones
Salvato in:
| Autore principale: | |
|---|---|
| Natura: | Libro |
| Lingua: | spagnolo |
| Pubblicazione: |
Pamplona
Verbo Divino
2007
|
| Serie: | Agora, 21
|
| Soggetti: | |
| Tags: |
Aggiungi Tag
Nessun Tag, puoi essere il primo ad aggiungerne!!
|
MARC
| LEADER | 00000cam a2200000 a 4500 | ||
|---|---|---|---|
| 001 | UCI8927 | ||
| 003 | CL-VaPUC | ||
| 008 | 081009e20070000SP |||||||||||||||||spa|d | ||
| 020 | |a 9788481694123 | ||
| 082 | 0 | 4 | |a 230 |b WHI |2 21 |
| 100 | 0 | |a White, L. Michael |e author |9 532578 | |
| 245 | 1 | 0 | |a De Jesús al cristianismo: el Nuevo Testamento y la fe cristiana, un proceso de cuatro generaciones |
| 300 | |a 598 p | ||
| 942 | |c BK | ||
| 945 | |d 20081009 00:00:00 |a jtorresc | ||
| 260 | |a Pamplona |b Verbo Divino |c 2007 | ||
| 650 | 0 | |a Cristianismo |9 257361 | |
| 650 | 0 | |a Nuevo testamento |9 257604 | |
| 583 | |a last modification |c 20170413 11:04:31 |k Rodrigo Vera | ||
| 490 | 0 | |a Agora, 21 | |
| 999 | |c 331661 |d 331659 | ||
| 952 | |0 0 |1 0 |4 0 |6 230_000000000000000_WHI_2007 |7 0 |8 A |9 418538 |a BIBTEO |b BIBTEO |d 2019-11-22 |i 4487613 |o 230 WHI 2007 |p 4487613 |r 2025-01-17 |w 2019-11-22 |y BK |k ICR | ||
| 952 | |0 0 |1 0 |3 erd |4 0 |6 230_000000000000000_WHI_2007 |7 0 |8 A |9 418539 |a BIBTEO |b BIBTEO |i 537278K |o 230 WHI 2007 |p 537278K |r 2025-01-17 |w 2019-11-22 |y BK |z Catalogado en:20170414 |k ICR | ||